|
|
|
|
| LEADER |
01707nam a2200349 u 4500 |
| 001 |
10119084 |
| 003 |
upatras |
| 005 |
20210117205733.0 |
| 008 |
160211s2015 ge eng |
| 020 |
|
|
|a 9783631617083
|
| 040 |
|
|
|a GR-PaULI
|c GR-PaULI
|
| 041 |
0 |
|
|a eng
|
| 082 |
1 |
4 |
|a 306.44
|2 23
|
| 245 |
1 |
0 |
|a Dimensions of sociolinguistic landscapes in Europe
|b materials and methodological solutions
|c Mikko Laitinen, Anastassia Zabrodskaja (eds.)
|
| 260 |
|
|
|a Frankfurt
|b Peter Lang
|c c2015
|
| 300 |
|
|
|a 297 p.
|c 21 cm.
|
| 490 |
0 |
|
|a Language competence and language awareness in Europe
|v 7
|
| 504 |
|
|
|a Includes bibliographical references and index.
|
| 650 |
|
4 |
|a Σημειωτική
|x Κοινωνικές απόψεις
|z Ευρώπη
|9 148829
|
| 650 |
|
4 |
|a Σημειωτική
|x Στατιστικές μέθοδοι
|z Ευρώπη
|9 148830
|
| 650 |
|
4 |
|a Οπτική επικοινωνία
|z Ευρώπη
|9 148831
|
| 650 |
|
4 |
|a Μη λεκτική επικοινωνία
|z Ευρώπη
|9 148832
|
| 650 |
|
4 |
|a Σημεία και σύμβολα
|z Ευρώπη
|9 148833
|
| 651 |
|
4 |
|a Ευρώπη
|x Γλώσσες
|9 58268
|
| 700 |
1 |
|
|a Laitinen, Mikko
|4 edt
|9 58272
|
| 700 |
1 |
|
|a Zabrodskaja, Anastasia
|4 edt
|9 148834
|
| 760 |
0 |
|
|a Language competence and language awareness in Europe
|g 7
|
| 852 |
|
|
|a GR-PaULI
|b ΠΑΤΡΑ
|b ΦΙΛΟΛΟΓΙΑ
|k ΔΑΝΕΙΖ-6
|h 306.44 DIM
|m 14554
|p 025000196422
|t 1
|
| 942 |
|
|
|2 ddc
|
| 952 |
|
|
|0 0
|1 0
|2 ddc
|4 0
|6 306_440000000000000_DIM
|7 0
|9 189086
|a LISP
|b LISP
|c BSC
|d 2016-04-24
|i 14554
|l 0
|o 306.44 DIM
|p 025000196422
|r 2016-04-24 00:00:00
|t 1
|w 2016-04-24
|y BK15
|x Μεταφορά Τμήματος Φιλολογίας
|
| 998 |
|
|
|c ΑΝΔΡΙΚΟΠΟΥΛΟΥ
|d 2016-02
|
| 999 |
|
|
|c 116481
|d 116481
|